00645nam a2200193Ia 4500008004100000020001800041082002000059100002100079245004700100250000800147260004200155300003100197500001900228600002700247650001500274942000700289952013800296999001700434240925s9999 xx 000 0 und d a9788126531264 a620.0015113 ROS aRoss, Timothy J. 0aFuzzy Logic: With Engineering Applications a3rd aNew Delhi:bJohn Wiley & Sonsc,2014. aVarious pagesb0fOriginal aIncludes Index aElectronic Engineering aTechnology cBK 001040708ELaUITUbUITUd2019-01-20eAllied Book Companyg2069.60l0o620.0015113 ROSpQ13831r2024-09-25 07:17:00w2024-09-25yBK c16330d16330